00494nam a2200193Ia 4500008004100000020001500041050001600056100002300072245002600095245006000121260001600181260001500197260000900212300001400221300002800235300001000263300002100273440000600294170918s9999 xx 000 0 und d a1597070017 bD622oc 2005 aDixon, Franklin W. 4aThe ocean of Osyria / cseries by Franklin W. Dixon ; written by Scott Lobdell. aSingapore : bPapercutz, c2005 aunpaged : bcolored illustrations ; c19cm. eThe hardy boys ; a1